MARC

LEADER 00000nlm0a2200000 4500
001 288624
005 20250815144059.0
035 |a (RuTPU)RU\TPU\book\313103 
035 |a RU\TPU\book\313032 
090 |a 288624 
100 |a 20150326d2013 m y0rusy50 ca 
101 0 |a ger 
102 |a RU 
105 |a a j 001zy 
135 |a drcn ---uucaa 
181 0 |a i  
182 0 |a b 
200 1 |a Русский язык как иностранный: элементарный уровень  |d Russisch als fremdsprache: elementarniveau  |e учебное пособие  |f Е. В. Михалева [и др.]  |g Национальный исследовательский Томский политехнический университет (ТПУ) 
203 |a Текст  |c электронный 
210 |a Томск  |c Изд-во ТПУ  |d 2013 
300 |a Заглавие с титульного экрана 
300 |a Электронная версия печатной публикации 
333 |a Режим доступа: из корпоративной сети ТПУ 
337 |a Adobe Reader 
510 1 |a Russisch als fremdsprache: elementarniveau  |z ger 
606 |a Русский язык  |2 stltpush  |3 (RuTPU)RU\TPU\subj\26383  |9 50323 
610 1 |a электронный ресурс 
610 1 |a труды учёных ТПУ 
610 1 |a русский язык как иностранный 
610 1 |a учебные пособия 
610 1 |a иностранные студенты 
686 |a Ш141.2-923.8  |2 rubbk 
701 1 |a Михалева  |b Е. В.  |c лингвист  |c доцент Томского политехнического университета, кандидат филологических наук  |f 1965-  |g Елена Владимировна  |3 (RuTPU)RU\TPU\pers\28711 
701 1 |a Майер  |b А. К.  |c российский учёный в области немецкого языка  |c заместитель директора русско-немецкого центра Томского политехнического университета  |g Артур Карлович  |3 (RuTPU)RU\TPU\pers\26955 
701 1 |a Фрицлер  |b А. А.  |c директор русско-немецкого центра образования и научных исследований Томского политехнического университета  |f 1941-  |g Александр Александрович  |3 (RuTPU)RU\TPU\pers\12098 
701 1 |a Ярица  |b Л. И.  |c лингвист  |c доцент Томского политехнического университета, кандидат филологических наук  |f 1955-  |g Людмила Ивановна  |3 (RuTPU)RU\TPU\pers\28728 
701 1 |a Шевелева  |b С. И.  |c лингвист  |c старший преподаватель Томского политехнического университета  |f 1972-  |g Светлана Игоревна  |3 (RuTPU)RU\TPU\pers\29165  |9 13791 
701 1 |a Рустамова  |b А. С.  |c лингвист  |c старший преподаватель Томского политехнического университета  |f 1978-  |g Анна Сергеевна  |3 (RuTPU)RU\TPU\pers\29164 
712 0 2 |a Национальный исследовательский Томский политехнический университет  |c (2009- )  |9 26305 
801 1 |a RU  |b 63413507  |c 20130821 
801 2 |a RU  |b 63413507  |c 20150407  |g RCR 
856 4 |u http://www.lib.tpu.ru/fulltext2/m/2015/m017.pdf 
942 |c CF